000 00344nam a2200145Ia 4500
005 20251222152020.0
008 251222s9999||||xx |||||||||||||| ||spa||
020 _a9789681851842
082 _a632/A31
100 _aAgrios, George N.
245 0 _aFitopatología
250 _a2a.ed.
264 _bLibreria Editrice Fiorentina
942 _cLIB
999 _c25245
_d25245